00514nam a22001817a 450000500170000000800410001701000140005802000150007202000160008703500130010308200140011610000200013024500770015026000310022726000090025830000150026750000500028220081020171141.0081020t xxu||||| |||| 00| 0 eng d aENG-84180 a8175413026 c495.00 (hb) aEN-67713 a305.80954 aPillai, V Kannu aCommunal violence:ba sociological study of Gujarat /cby V Kannu Pillai aDelhibShipra Publications c2006 a208pc22cm aIncludes bibliographical references and index